| 000 | 00873nam a22002775a 4500 | ||
|---|---|---|---|
| 008 | 090129t2007 cn a|||fr|||| 001 0 eng d | ||
| 010 | _a 2005930785 | ||
| 020 | _a0495073164 | ||
| 020 | _a9780495073161 | ||
| 020 | _a0495073164 | ||
| 040 |
_aEG-ScBuE _beng _cEG-ScBuE |
||
| 082 |
_a624.15136 _bDAS _222 |
||
| 100 | 1 |
_aDas, Braja M. _923224 |
|
| 245 | 1 | 0 |
_aPrinciples of Geotechnical Engineering / _cBraja M. Das. |
| 250 | _bAdapted International Student Edition | ||
| 260 |
_aToronto : _bThomson, _cc.2007. |
||
| 300 |
_axi, 417 p. _bill. : _c25 cm. |
||
| 500 | _aIndex : p. 413-417. | ||
| 504 | _aIncludes bibliographical references. | ||
| 590 | _ayassmeen ashraf | ||
| 650 | 0 |
_aEngineering geology _923225 _2BUEsh |
|
| 650 | 0 |
_aSoil mechanics _923226 _2BUEsh |
|
| 651 | _2BUEsh | ||
| 653 |
_bENGGEN _cAugust2015 |
||
| 942 |
_cBB _k624.15136 DAS _2ddc |
||
| 999 |
_c2483 _d2483 |
||